000 00924nabaa22001817a 4500
999 _c6108
_d6108
003 OSt
005 20260122091203.0
008 190701b xxu||||| |||| 00| 0 spa d
040 _cPJ
100 _96877
_aChávez Moya, Víctor Hugo
245 1 0 _aImpacto del derecho administrativo global en el sistema de fuentes en el derecho administrativo argentino /
_cVíctor Hugo Chávez Moya.
300 _ap. 166-171
505 _aSumario: I. Introducción.— II. El derecho administrativo global.— III. Impacto del derecho administrativo global en el sistema de fuentes en el derecho administrativo argentino.— IV. Conclusiones.
505 _t¿Te interesa el texto completo? Comunicate al correo: koha@justierradelfuego.gov.ar
650 0 _9211
_aDERECHO ADMINISTRATIVO
773 0 _02842
_93251
_dBuenos Aires : AbeledoPerrot, 2012-
_oDA121
_tDerecho administrativo. Nº 145 enero/febrero 2023
_z18510590
942 _2udc
_cANA